000 00306nam a2200109 4500
245 _aPoetry of the forties
_cintroduced and edited by Robin Skelton
710 _aSkelton, Robin
260 _aHarmonsworth,Eng
_bPenguin Books
_c1968
300 _a269p. ; 18cm.
490 _aPenguin poets
082 _a821.912
_bSKE
999 _c1024
_d1024